LEADER 01918 am 22005893u 450 001 9910136888003321 005 20221206104037.0 010 $a2-8218-9589-5 035 $a(CKB)3710000000729597 035 $a(SSID)ssj0001682583 035 $a(PQKBManifestationID)16506228 035 $a(PQKBTitleCode)TC0001682583 035 $a(PQKBWorkID)13192675 035 $a(PQKB)10309020 035 $a(OCoLC)994574022 035 $a(FrMaCLE)OB-ariadnaediciones-470 035 $a(oapen)https://directory.doabooks.org/handle/20.500.12854/34144 035 $a(PPN)220897999 035 $a(EXLCZ)993710000000729597 100 $a20160829h20082008 uy 0 101 0 $aspa 135 $aurmn#nnn||||| 181 $ctxt$2rdacontent 182 $cc$2rdamedia 183 $acr$2rdacarrier 200 10$aEl Partido Comunista de Chile y la vía al socialismo /$fCarmelo Furci 210 $cAriadna Ediciones$d2008 210 1$aSantiago, Chile :$cAriadna,$d[2008] 210 4$d©2008 215 $a1 online resource (302 pages) $cillustrations 225 0 $aOpen Access e-Books 225 0 $aKnowledge Unlatched 311 $a956-8416-11-0 320 $aIncludes bibliographical references (pages 289-302) 330 $aHistory of the Communist Party of Chile and its role in the construction of the Chilean road to socialism led by the government of the Unidad Popular. 606 $aPolitics and government 606 $aCommunism 610 $achile 610 $ahistory 610 $apolitical culture 610 $achilean communist party 615 0$aPolitics and government. 615 0$aCommunism. 676 $a324.283 700 $aFurci$b Carmelo$0877217 801 0$bPQKB 801 2$bAuAdUSA 801 2$bUkMaJRU 906 $aBOOK 912 $a9910136888003321 996 $aEl Partido Comunista de Chile y la vía al socialismo$91958751 997 $aUNINA LEADER 03122nam 2200625 450 001 9910162951303321 005 20220802143328.0 010 $a1-4738-8544-2 010 $a1-4738-8543-4 010 $a1-4738-8542-6 035 $a(CKB)3710000001044961 035 $a(MiAaPQ)EBC4799742 035 $a(EXLCZ)993710000001044961 100 $a20170216h20172017 uy 0 101 0 $aeng 135 $aurcnu|||||||| 181 $2rdacontent 182 $2rdamedia 183 $2rdacarrier 200 10$aCurse of the pharaohs' tombs $etales of the unexpected since the days of Tutankhamun /$fPaul Harrison 210 1$aSouth Yorkshire, [England] :$cPen & Sword Archaeology,$d2017. 210 4$d©2017 215 $a1 online resource (185 pages) 311 $a1-78159-366-3 320 $aIncludes bibliographical references and index. 330 $a"The Curse of the Pharaoh's Tombs is the definitive book on Ancient Egyptian tomb curses, providing new information and data never before published whilst exploring the many incidents and deaths associated with tomb curses. The book puts the record straight on matters which have been wrongly recorded by others, such as the legend of Tutankhamun, as well as presenting new data never before published associated with matters such as the torment Howard Carter suffered before his death. It also contains exclusive information and interviews with the family members and archaeologists associated with the curses, including experts at the British Museum and Cairo Museum. Paul Harrison also covers the history of Egyptian tomb curses, why they were placed at the entrance to some tombs and not others, as well as the frightening reality of mummification after death in Ancient Egypt. Closer to home, the hundreds of deaths and haunted tube station (Museum) which are associated with the curse of Amen-Ra (housed in the British Museum) is covered along with the mysterious deaths and tragedy associated with Cleopatra's needle on the Embankment of the River Thames"-- Publisher description. 606 $aBlessing and cursing$zEgypt 606 $aTombs$zEgypt 606 $aExcavations (Archaeology)$zEgypt 606 $aBe?ne?diction et male?diction$zE?gypte 606 $aTombeaux$zE?gypte 606 $aAntiquities$2fast$3(OCoLC)fst00810745 606 $aBlessing and cursing$2fast$3(OCoLC)fst00834275 606 $aExcavations (Archaeology)$2fast$3(OCoLC)fst00917564 606 $aTombs$2fast$3(OCoLC)fst01152439 607 $aEgypt$xHistory$yTo 332 B.C 608 $aHistory.$2fast 615 0$aBlessing and cursing 615 0$aTombs 615 0$aExcavations (Archaeology) 615 6$aBe?ne?diction et male?diction 615 6$aTombeaux 615 7$aAntiquities. 615 7$aBlessing and cursing. 615 7$aExcavations (Archaeology) 615 7$aTombs. 676 $a932 700 $aHarrison$b Paul$0124052 801 0$bMiAaPQ 801 1$bMiAaPQ 801 2$bMiAaPQ 906 $aBOOK 912 $a9910162951303321 996 $aCurse of the pharaohs' tombs$93400317 997 $aUNINA